Central Library OPAC University of Rajshahi

تاريخ الضرائب العراقية : ;; [Tārīh̲ al-ḍarāʼib al-Irāqiyaẗ] : (Record no. 79620)

MARC details
000 -LEADER
fixed length control field 01710nam a2200265 a 4500
001 - CONTROL NUMBER
control field 79620
003 - CONTROL NUMBER IDENTIFIER
rucl marc code BD-RjUL
005 - DATE AND TIME OF LATEST TRANSACTION
control field 20220328102535.0
008 - FIXED-LENGTH DATA ELEMENTS--GENERAL INFORMATION
fixed length control field 220327s1958 iq 000 0 ara d
035 ## - SYSTEM CONTROL NUMBER
System control number (BD-RjUL)79620
040 ## - CATALOGING SOURCE
Original cataloging agency NNL
Language of cataloging ara
Transcribing agency BD-RjUL
041 ## - LANGUAGE CODE
Language code of text/sound track or separate title ara
082 ## - DEWEY DECIMAL CLASSIFICATION NUMBER
Edition number 23
Author mark and year AZT 1958
Classification number 336.2
100 1# - MAIN ENTRY--PERSONAL NAME
Personal name العزاوى، عباس،[Azzāwī, Abbās] ʻ
Dates associated with a name 1890-1971
9 (RLIN) 183
245 10 - TITLE STATEMENT
Title تاريخ الضرائب العراقية : ;; [Tārīh̲ al-ḍarāʼib al-Irāqiyaẗ] :
Remainder of title من صدر الاسلام الى آخر العهد العثمانى، ١٢هج ٦٣٣م - ١٣٣٥هج ١٩١٧م، يشمل ضرائب الاموال التجارية وضرائب المنتوجات المحلية ويعد صفحة كاشفة عن مالية العراق لمختلف العصور [min ṣadr al-Islām ilá āh̲ir al-ʻahd al-ʻUt̲mānī, 12 H-633 M : 1335 H- 1917 M : yašmul ḍarāʼib al-amwāl al-tiǧāriyaẗ wa-ḍarāʼib al-mantūǧāt al-maḥaliyaẗ wa-yuʻad ṣafḥaẗ kāšifaẗ ʻan māliyaẗ al-ʻIrāq li-muh̲talaf al-ʻuṣūr] /
Statement of responsibility, etc. بقلم عباس العزاوى.ʻ;; Abbās al- ʻAzzāwī
260 ## - PUBLICATION, DISTRIBUTION, ETC. (IMPRINT)
Place of publication, distribution, etc. بغداد :[ Baġdād] :
Name of publisher, distributor, etc. شركة التجارة والطباعة،[Šarikaẗ al-tiǧāraẗ wa-al-ṭibāʻaẗ],
Date of publication, distribution, etc. ١٩٥٨.[1958].
300 ## - PHYSICAL DESCRIPTION
Pagination ١٤٨ص.148 p. ;
Size 23 cm
500 ## - GENERAL NOTE
General note تاريخ الطبع على الغلاف: ١٩٥٩.
General note للكتاب عنوان ثان باللغة الانكليزية هذه صورته:
General note History of taxation in Iraq.
General note يوجد ايضا فى الفهرست الافرنجى حسب:
General note al-'Azzawi, 'Abbas.
650 #4 - SUBJECT ADDED ENTRY--TOPICAL TERM
Topical term or geographic name as entry element Taxation
Geographic subdivision Iraq
9 (RLIN) 2081
942 ## - ADDED ENTRY ELEMENTS (KOHA)
Source of classification or shelving scheme Dewey Decimal Classification
Koha item type Books
Holdings
Lost status Source of classification or shelving scheme Damaged status Not for loan Collection code Permanent Location Current Location Shelving location Date acquired Source of acquisition Total Checkouts Full call number Date last seen Copy number Koha item type
  Dewey Decimal Classification   Not For Loan Non-fiction Central Library, University of Rajshahi Central Library, University of Rajshahi Reading Room 01/02/1963 Zeitlinger   336.2 AZT 1958 28/03/2022 C-1 Books